Režimy zamerané na zlepšenie prístupu k potravinám

Rozbor pravidiel týkajúcich sa spoločnej organizácie trhov s poľnohospodárskymi výrobkami v rámci Nariadenia EP a ER č. 1308/2013 a ich dopadov na trh s poľnohospodárskymi výrobkami v podmienkach SR. Analýza režimu, ktorého úlohou je zabezpečiť zlepšenie prístupu k potravinám ako sú ovocie, zelenina...

Ausführliche Beschreibung

Gespeichert in:
Bibliographische Detailangaben
1. Verfasser: Dudáš-Pajerská, Erika, 1988-
Weitere Verfasser: Daneshjo, Naqibullah, 1964-
Format: Buchkapitel
Sprache:Slowakisch
Schlagworte:
Tags: Tag hinzufügen
Keine Tags, Fügen Sie das erste Tag hinzu!

MARC

LEADER 00000naa$a2200000$$$4500
001 0270561
005 20240502074235.7
041 0 |a slo 
044 |a SK 
245 1 0 |a Režimy zamerané na zlepšenie prístupu k potravinám  |c Erika Dudáš-Pajerská, Naqibullah Daneshjo 
520 |a Rozbor pravidiel týkajúcich sa spoločnej organizácie trhov s poľnohospodárskymi výrobkami v rámci Nariadenia EP a ER č. 1308/2013 a ich dopadov na trh s poľnohospodárskymi výrobkami v podmienkach SR. Analýza režimu, ktorého úlohou je zabezpečiť zlepšenie prístupu k potravinám ako sú ovocie, zelenina a mlieko najmä v školských zariadeniach. 
610 2 0 |a potraviny 
610 2 0 |a výrobky poľnohospodárske 
610 2 0 |a trhy 
610 2 0 |a programy 
610 2 0 |a školy 
100 1 |a Dudáš-Pajerská, Erika, 1988- 
700 1 |a Daneshjo, Naqibullah, 1964-